وليان ببر المستشرق الامريكى

Saved in:

Main Author: عبدالعزيز سوريال عطيه.

Format: Book

Language: Undetermined

Published: Alexandria Ramsis Press 1953

Tags: Add Tag

No Tags, Be the first to tag this record!

Call Number: A99 ATAY

LEADER 00395nam a2200121Ia 4500
008 240404s9999||||xx |||||||||||||| ||und||
050 4 |a A99 ATAY 
100 1 |a عبدالعزيز سوريال عطيه. 
245 1 0 |a وليان ببر المستشرق الامريكى  |c عبدالعزيز سوريال عطيه 
264 1 |a Alexandria  |b Ramsis Press  |c 1953 
300 |a 11  |c 21 
942 |2 lcc  |c BK 
999 |c 58031  |d 58031